Reason in history : a general introduction to the philosophy of history /

Saved in:

Main Author: Hegel, Georg Wilhelm Friedrich, 1770-1831.

Format: Book

Language: English
German

Published: New York : Liberal Arts Press, [1954], c1953.

Series: The Library of liberal arts ; 35.

Subjects:

Tags: Add Tag

No Tags, Be the first to tag this record!

Call Number: D16.8 .H462 1954

LEADER 00881cam a2200241Mi 4500
001 ocn437736908
003 OSt
005 20260513070137.0
008 900508r19541953nyu 000 0 eng d
010 |a 53004476  
040 |c ARCE Library 
041 1 |a eng  |h ger 
050 4 |a D16.8 .H462 1954 
100 1 |a Hegel, Georg Wilhelm Friedrich,  |d 1770-1831. 
245 1 0 |a Reason in history :   |b a general introduction to the philosophy of history /   |c Georg Wilhelm Friedrich Hegel ; translated, with an introd., by Robert S. Hartman. 
264 1 |a New York :   |b Liberal Arts Press,   |c [1954], c1953. 
300 |a xlii, 95 pages ;  |c 21 cm. 
490 0 |a The Library of liberal arts ;   |v 35. 
500 |a Translation of the introduction to Hegel's Vorlesungen uber die Philosophie der Geschichte. 
650 0 |a History  |x Philosophy. 
901 |a reviewed 
942 |2 lcc  |c BK 
999 |c 55341  |d 55341